000 01120njm a22002777a 4500
005 20100913100347.0
007 sd ammalaaahaa
008 100913t xxu||||| |||| 00| 0 hin d
028 _aS/3AEX. 16006
_bAngel
035 _aGR-03306
040 _aSED/VEN
100 _919606
_aGhulam farid sabri
245 _aChalo dayar -e- nabi ki janib Part 1 /
_cby Ghulam farid sabri ; music by Maqwwal Ahmed ; lyric by Khalid Mahmood
_h[sound recording] :
246 _aचलो दायर -इ - नबी की जानिब (ग़ुलाम फरीद सबरी)
260 _aDum Dum, India
_bAngel
_c1981
300 _a1 sound disc [Gramophone record] :
_banalog, 33. 1/3 rpm
_c12 in. (LP)
_fGramophone record
500 _aBrief record.
500 _aAngel
500 _aPurpal
505 _aPart 2 Deewaron se milkar rona achchha lagta hai (Ghulam farid sabri )
650 _aUrdu modern
_xExcerpts
_zIndia
_919607
700 _920331
_aMaqwwal Ahmed
700 _a Khalid Mahmood
_920603
942 _2ddc
_cGR
999 _c46621
_d46621